Cowboy builders and quality mark (Record no. 69846)

MARC details
000 -LEADER
fixed length control field 00754cam a2200193 4500
001 - CONTROL NUMBER
control field WB3812-07
008 - FIXED-LENGTH DATA ELEMENTS--GENERAL INFORMATION
fixed length control field 020327n2002 000 0 eng u
035 ## - SYSTEM CONTROL NUMBER
System control number (Sirsi) u117248
245 ## - TITLE STATEMENT
Title Cowboy builders and quality mark
260 ## - PUBLICATION, DISTRIBUTION, ETC.
Date of publication, distribution, etc. 2002
490 ## - SERIES STATEMENT
Series statement DTI News Release
Volume/sequential designation (p/2002/185) 22 March 2002, (3)
520 ## - SUMMARY, ETC.
Summary, etc. Government backed quality mark scheme which provides a register of reliable independently assessed companies is to be rolled out across the country. Homeowners can call the Quality Mark hotline on 0845 300 8040 or at http://www.qualitymark.org.uk
590 ## - LOCAL NOTE (RLIN)
Local note WB
650 ## - SUBJECT ADDED ENTRY--TOPICAL TERM
Topical term or geographic name entry element QUALITY MARK
650 ## - SUBJECT ADDED ENTRY--TOPICAL TERM
Topical term or geographic name entry element QUALITY MARKED BUILDERS
650 ## - SUBJECT ADDED ENTRY--TOPICAL TERM
Topical term or geographic name entry element LOCAL AUTHORITIES
690 ## - LOCAL SUBJECT ADDED ENTRY--TOPICAL TERM (OCLC, RLIN)
Topical term or geographic name as entry element BUILT ENVIRONMENT-BUILDING STANDARDS
942 ## - ADDED ENTRY ELEMENTS (KOHA)
Suppress in OPAC 0
Holdings
Withdrawn status Lost status Source of classification or shelving scheme Damaged status Not for loan Home library Current library Shelving location Date acquired Total Checkouts Full call number Barcode Date last seen Copy number Price effective from Koha item type
    Dewey Decimal Classification     London London News article 27/03/2002   WB3812-07 117248-1001 06/08/2019 1 06/08/2019 News article